000 00341nam a2200145Ia 4500
008 220928s9999 xx 000 0 und d
082 _bGUL
100 _aGULECHA, JETHMAL
245 0 _aJAIN AAGAM MEIN PAAP AUR PUNYA
260 _bUDAIPUR, JAUHARI SADAN,
_c2013
300 _a152
650 _aGeneral
942 _cBK
999 _c208378
_d208378
041 _aHINDI